000 00250nam a2200109Ia 4500
008 200302s9999 xx 000 0 und d
100 _aLioyd Rodwin
245 _aCities and City Planning
260 _bPlenum Press
260 _c1981
300 _a309 P.,
999 _c5282
_d5282